Statistics for Name a Valid Country #1

Click here to take the quiz!

General Stats

  • This quiz has been taken 176,576 times
  • The average score is 15 of 20

Answer Stats

Name a country ...#Answer% Correct
with land on the Equator11Brazil | Colombia | D.R. Congo | Ecuador | Gabon |
Indonesia | Kenya | Rep of the Congo |
São Tomé and Príncipe | Somalia | Uganda
96%
bordering only China and India2Bhutan | Nepal
89%
completely surrounded by another country3Lesotho | San Marino | Vatican City
89%
whose flag is only blue and yellow4Ukraine | Sweden | Kazakhstan | Palau
83%
considered by the United States to be a
state sponsor of terrorism
4Cuba | Iran | North Korea | Syria
82%
bordering the Black Sea6
Bulgaria | Georgia | Romania | Russia |
Turkey | Ukraine
79%
whose flag is only blue and white6Greece | Finland | F. S. Micronesia | Honduras |
Israel | Somalia
79%
bordering the Red Sea8Djibouti | Egypt | Eritrea | Israel | Jordan |
Saudi Arabia | Sudan | Yemen
78%
with an average elevation over 3000 meters3Bhutan | Nepal | Tajikistan
76%
that grows more than 600,000 metric tons of coffee4Brazil | Vietnam | Colombia | Indonesia
74%
with territory on the island of Borneo3Brunei | Indonesia | Malaysia
71%
that borders the Ivory Coast5Burkina Faso | Ghana | Guinea | Liberia | Mali
71%
whose capital starts with J3Israel | Indonesia | South Sudan
68%
touching Lake Victoria3Kenya | Tanzania | Uganda
67%
with an X in its name2Luxembourg | Mexico
64%
which gained independence from the Netherlands3Belgium | Indonesia | Suriname
60%
that averages less than 10 cm of
precipitation per year
7
Egypt | Libya | Saudi Arabia | United Arab Emirates |
Qatar | Bahrain | Algeria
60%
that is recognized by JetPunk but not the UN2Kosovo | Taiwan
58%
that had no people in the year 600 AD7Bahamas | Cape Verde | Iceland | Mauritius |
New Zealand | São Tomé and Príncipe | Seychelles
56%
whose population has declined by more than
one million between 2000–2024
5Ukraine | Japan | Russia | Romania | Bulgaria
49%

Score Distribution

Percentile by Number Answered

Percent of People with Each Score

Your Score History

You have not taken this quiz